Trouve le rappeur en fonction de la musique #3 - Statistiques

Statistiques générales
  • Ce quiz a été pris 66 fois
  • Le résultat moyen est 9 sur 31
Statistiques - réponses
Hint Réponse % Correct
RR 91 Koba LaD
86%
Mozart Capitaine Jackson Leto
71%
Ouais ouais Zola
62%
Mauvaise œil ! Menace santana
55%
Rap catéchisme Freeze Corleone
53%
W.L.G Niska
52%
Mexico PNL
52%
B7 RK
47%
Passat SDM
47%
Pas de ralentir 3 Mig
45%
Cette fille Luv resval
43%
Ysl Oboy
43%
Toutes générations PLK
33%
Free Congo Damso
22%
Légende vivante Lorenzo
22%
Tokarev SCH
22%
IRM Kaaris
21%
L’ancien Ninho
19%
Beterbiev Zkr
16%
Fiesta Gazo
10%
Samantha ICO
10%
Un couplet Jul
10%
6am Green montana
9%
C’est ma vie Sasso
9%
Shabba Kalash criminel
7%
Shake da Boogie
5%
Ah ahah Fresh la douille
5%
P’tit dépôt Lallemand
5%
Temps Fave
2%
243 Jnr slice
2%
Intro Werenoi
2%
Aucun quiz correspondant
Distribution des résultats
% des personnes avec chaque résultat
Percentile par nombre de réponses
Votre historique - résultats
Vous n’avez pas pris ce quiz